000 00497nam a2200157 i 4500
001 48859
003 ES-MaACL
005 20230906161832.0
007 t|
008 030701s1983 sp ||||1| spa d
100 1 _aCordero del Campillo, Miguel.
_940521
245 1 3 _aLa Universidad de León
_b: de la escuela de veterinaria a la universidad /
_cMiguel Cordero del Campillo.
260 _aLeón :
_bEverest,
_c[1983]
300 _a525 p. :
_bil. ;
_c22 cm.
852 _aES-MaACL
_jL-4631
_bR.105566
999 _c48859
_d48859